Statistics for WTA Tournament Winners 2021

Click here to take the quiz!

General Stats

  • This quiz has been taken 29 times
  • The average score is 37 of 65

Answer Stats

TournamentMonthWinner% Correct
Internationaux de StrasbourgMAYBarbora Krejcikova
96%
FRENCH OPENMAYBarbora Krejcikova
96%
Livesport Prague OpenJULYBarbora Krejcikova
96%
Western & Southern OpenAUGAshleigh Barty
92%
Porsche Tennis Grand PrixAPRAshleigh Barty
92%
Yarra Valley ClassicJANAshleigh Barty
92%
WIMBLEDONJUNEAshleigh Barty
92%
Miami OpenMARAshleigh Barty
92%
AUSTRALIAN OPENFEBNaomi Osaka
92%
Bad Homburg OpenJUNEAngelique Kerber
88%
TOKYO OLYMPICSJULYBelinda Bencic
88%
US OPENAUGEmma Raducanu
88%
Chicago Fall Tennis ClassicSEPGarbine Muguruza
88%
Dubai Duty Free Tennis ChampionshipsMARGarbine Muguruza
88%
Adelaide InternationalFEBIga Swiatek
84%
Internazionali BNL d'ItaliaMAYIga Swiatek
84%
Abu Dhabi WTA OpenJANAryna Sabalenka
80%
Mutua Madrid OpenAPRAryna Sabalenka
80%
Transylvania OpenOCTAnett Kontaveit
76%
VTB Kremlin CupOCTAnett Kontaveit
76%
Tennis in the LandAUGAnett Kontaveit
76%
J&T Banka Ostrava OpenSEPAnett Kontaveit
76%
Viking Open NottinghamJUNEJohanna Konta
76%
BNP Paribas OpenOCTPaula Badosa
76%
Qatar Total OpenMARPetra Kvitova
76%
Tenerife Ladies OpenOCTAnn Li
72%
Viking International EastbourneJUNE
Jelena Ostapenko
72%
Abierto GNP SegurosMARLeylah Fernandez
68%
Viking Classic BirminghamJUNEOns Jabeur
68%
Chicago Women's OpenAUGElina Svitolina
64%
Credit One Charleston OpenAPRVeronika Kudermetova
64%
National Bank OpenAUGCamila Giorgi
60%
Emilia-Romagna OpenMAYCori Gauff
60%
Abierto ZapopanMARSara Sorribes Tormo
60%
Bett1openJUNELiudmila Samsonova
56%
Paribas Luxembourg Open 2021SEPClara Tauson
52%
Open 6ème Sens Métropole de LyonMARClara Tauson
52%
WTA Chicago 125AUGClara Tauson
52%
Gippsland TrophyJANElise Mertens
52%
Winners Open Cluj-NapocaAUGAndrea Petkovic
48%
Mubadala Silicon Valley ClassicAUGDanielle Collins
48%
Palermo Ladies OpenJULYDanielle Collins
48%
St. Petersburg Ladies TrophyMARDaria Kasatkina
44%
Phillip Open TrophyFEBDaria Kasatkina
44%
Courmayeur Ladies OpenOCTDonna Vekic
44%
Paribas Tennis Championship IstanbulAPRSorana Cirstea
44%
BOL 125 CroatiaJUNEJasmine Paolini
40%
Zavarovalnica Sava PortorozSEPJasmine Paolini
40%
Hungarian Grand PrixJULYYulia Putintseva
40%
Hamburg European OpenJULYElena-Gabriela Ruse
36%
Ladies Open LausanneJULYTamara Zidansek
36%
Astana OpenSEPAlison Van Uytvanck
32%
Copa ColsanitasAPRCamila Osorio Serrano
32%
MUSC Health Women's OpenAPRAstra Sharma
24%
BNP Paribas Poland OpenJULYMaryna Zanevska
24%
Argentina OpenNOVAnna Bondar
20%
L'Open 35 de Saint-MaloMAYViktorija Golubic
20%
Liqui Moly OpenSEPMayar Sherif
16%
Serbia Ladies OpenMAYAna Konjuh
12%
Dow Tennis ClassicNOVMadison Brengle
12%
Thoreau Tennis OpenAUGMagdalena Frech
8%
Columbus WTA 125SEPNuria Parrizas Diaz
8%
Nordea OpenJULYNuria Parrizas Diaz
8%
Belgrade Ladies OpenJULYAnna Karolina Schmiedlova
4%
LTP Women's OpenJULYVarvara Lepchenko
4%

Score Distribution

Percentile by Number Answered

Percent of People with Each Score

Your Score History

You have not taken this quiz